Técnicas de medición económica : (Registro nro. 5717)

Detalles MARC
000 -LEADER
fixed length control field 01118nam a2200265Ia 4500
003 - CONTROL NUMBER IDENTIFIER
control field OSt
005 - DATE AND TIME OF LATEST TRANSACTION
control field 20200610002917.0
008 - FIXED-LENGTH DATA ELEMENTS--GENERAL INFORMATION
fixed length control field 191128s1987 ck fr 000 0 spa d
020 ## - INTERNATIONAL STANDARD BOOK NUMBER
International Standard Book Number 9586060098
040 ## - CATALOGING SOURCE
Original cataloging agency CO-JMCR
Transcribing agency CO-JMCR
041 0# - LANGUAGE CODE
Language code of text/sound track or separate title spa
082 04 - DEWEY DECIMAL CLASSIFICATION NUMBER
Classification number 330.0151 /
Item number L865t
Edition number 23
100 1# - MAIN ENTRY--PERSONAL NAME
Personal name Lora Torres, Eduardo,
Relator term autor
9 (RLIN) 5349
245 10 - TITLE STATEMENT
Title Técnicas de medición económica :
Remainder of title metodología y aplicaciones en Colombia /
Statement of responsibility, etc. Eduardo Lora Torres
250 ## - EDITION STATEMENT
Edition statement Primera edición
260 ## - PUBLICATION, DISTRIBUTION, ETC.
Place of publication, distribution, etc. Bogotá :
Name of publisher, distributor, etc. Siglo veintiuno : Fedesarrollo,
Date of publication, distribution, etc. 1987
300 ## - PHYSICAL DESCRIPTION
Extent 410 páginas ;
Dimensions 22 cm.
490 0# - SERIES STATEMENT
Series statement Economía y demografía
504 ## - BIBLIOGRAPHY, ETC. NOTE
Bibliography, etc. note Bibliografía: páginas 403-410
505 0# - FORMATTED CONTENTS NOTE
Formatted contents note Indicadores de población -- Indicadores de empleo y desempleo -- Indicadores de nivel de vida, desigualdad y pobreza -- Conceptos de agregación económica -- Indicadores económicos agregados -- Un sistema simplificado de cuentas nacionales
650 14 - SUBJECT ADDED ENTRY--TOPICAL TERM
Topical term or geographic name entry element Indicadores económicos
9 (RLIN) 5350
650 14 - SUBJECT ADDED ENTRY--TOPICAL TERM
Topical term or geographic name entry element Rentas nacionales
General subdivision contabilidad
Geographic subdivision Colombia
9 (RLIN) 5351
650 14 - SUBJECT ADDED ENTRY--TOPICAL TERM
Topical term or geographic name entry element Sistemas de medición económica
9 (RLIN) 5352
942 ## - ADDED ENTRY ELEMENTS (KOHA)
Source of classification or shelving scheme Dewey Decimal Classification
Koha item type Books
Existencias
Withdrawn status Lost status Source of classification or shelving scheme Damaged status Not for loan Collection code Home library Current library Date acquired Source of acquisition Cost, normal purchase price Total Checkouts Full call number Barcode Date last seen Copy number Koha item type
    Dewey Decimal Classification     Non-fiction Biblioteca Pública José María del Castillo y Rada Biblioteca Pública José María del Castillo y Rada 04/15/2018 Donación 0.00   330.0151 / L865t 430004021 05/16/2024 Ej.1 Books